000 00488nam a22001457a 4500
082 _aBESE-2 AMM
100 _aAmmarah Tauheed
_993266
245 _aFYP-best personal adhoc network to get your queries solved-report
260 _aIslamabad
_bNUST-SEECS
_c2015
300 _a65p.
_eSoftcopy Present
500 _aSupervisors:Dr. Nauman Ahmed Qureshi, Fahad Ahmed Satti
700 _aMaryam Tauheed
_993267
856 _uhttp://10.250.8.41:8080/xmlui/handle/123456789/6805
942 _cPR
_2ddc
999 _c13293
_d13293